A TREATISE ON HYDRO MECHANICS PART-2 (Record no. 9309)
[ view plain ]
| 000 -LEADER | |
|---|---|
| fixed length control field | 00591nam a22001697a 4500 |
| 003 - CONTROL NUMBER IDENTIFIER | |
| control field | SGT |
| 020 ## - INTERNATIONAL STANDARD BOOK NUMBER | |
| International Standard Book Number | 9788123911915 |
| 082 ## - DEWEY DECIMAL CLASSIFICATION NUMBER | |
| Classification number | 532,BES |
| 100 ## - MAIN ENTRY--PERSONAL NAME | |
| Personal name | BESANT,W.H |
| 245 ## - TITLE STATEMENT | |
| Title | A TREATISE ON HYDRO MECHANICS PART-2 |
| 250 ## - EDITION STATEMENT | |
| Edition statement | 1ST |
| 260 ## - PUBLICATION, DISTRIBUTION, ETC. (IMPRINT) | |
| Place of publication, distribution, etc | NEW DELHI |
| Name of publisher, distributor, etc | CBS PUBLISHER |
| Year of Publication | 2006 |
| 300 ## - PAGE DESCRIPTION | |
| No. of Pages | 415 |
| 650 ## - SUBJECT ADDED ENTRY--TOPICAL TERM | |
| Topical term or geographic name as entry element | FLUID MECHANICS; LIQUID MECHANICS |
| 653 ## - KEYWORDS--INDEX TERM | |
| Keyword term | KINEMATICS, EQUATIONS OF MOTION, PARTICULAR METHODS AND APPLICATIONS, GENERAL THEORY OF IR ROTATIONAL MOTION, SPECIAL PROBLEMS OF IRROTATIONAL MOTION IN TWO DIMENSIONS, IR ROTATIONAL MOTION IN THREE DIMENSIONS |
| 942 ## - ADDED ENTRY ELEMENTS (KOHA) | |
| Source of classification or shelving scheme | Dewey Decimal Classification |
| Koha item type | FPS Books |
| Withdrawn status | Lost status | Source of classification or shelving scheme | Damaged status | Not for loan | Collection code | Home library | Current library | Shelving location | Date acquired | Vendor Name | Cost, normal purchase price | SGTU | Bill Number | Full call number | Accession No. (Barcode) | Date last seen | Bill Date | Koha item type | Total Checkouts |
|---|---|---|---|---|---|---|---|---|---|---|---|---|---|---|---|---|---|---|---|
| Dewey Decimal Classification | Not For Loan | SCIENCE | SGT Science & Social Sciences Library | SGT Science & Social Sciences Library | Reference Book | 29/06/2016 | AHUJA BOOKS | 175.00 | SGTU | 6687 | 532,BES | PS1511 | 29/06/2016 | 03/04/2016 | FPS Books | ||||
| Dewey Decimal Classification | SCIENCE | SGT Science & Social Sciences Library | SGT Science & Social Sciences Library | Text Book | 29/06/2016 | AHUJA BOOKS | 175.00 | SGTU | 6687 | 532,BES | PS1512 | 29/06/2016 | 03/04/2016 | FPS Books |